[Event "Gorodets-ch"]
[Site "Gorodets"]
[Date "2014.12.18"]
[Round "6"]
[White "Raskhodov, Artem"]
[Black "Khomutov, Valeriy"]
[Result "1-0"]
[WhiteElo "1929"]
[BlackElo "1830"]
[PlyCount "115"]
[EventDate "2014.12.13"]
[EventType "swiss"]
[EventRounds "9"]
[EventCountry "RUS"]
[SourceTitle "CBM 164 Extra"]
[Source "ChessBase"]
[SourceDate "2015.03.02"]
[SourceVersion "1"]
[SourceVersionDate "2015.03.02"]
[SourceQuality "1"]

1. d4 b6 2. c4 Bb7 3. Nc3 e6 4. e3 Ne7 5. Nf3 Ng6 6. Be2 Be7 7. 0-0 0-0 8. Bd2 d6 9. d5 e5 10. e4 Bc8 11. h3 f5 12. Bd3 f4 13. Be2 a5 14. a3 Na6 15. b4 Bd7 16. b5 Nc5 17. Nh2 Qc8 18. Bg4 Nh8 19. Bxd7 Qxd7 20. Qc2 Rf6 21. Kh1 g5 22. f3 h5 23. Be1 Ng6 24. Na4 Nxa4 25. Qxa4 Rf7 26. Bb4 Qc8 27. Be1 Rh7 28. Qd1 Kf7 29. a4 Qd7 30. Ra3 Rh6 31. Qe2 Nf8 32. Bf2 Nh7 33. Kg1 Rg8 34. Rc3 Nf6 35. Ra3 Rhg6 36. Kh1 Rh6 37. Kg1 Rhg6 38. Kh1 R8g7 39. Be1 g4 40. fxg4 hxg4 41. hxg4 Nxg4 42. Rh3 Ke8 43. Rg1 Nf6 44. Rh8+ Kf7 45. Qf3 Rh7 46. Rxh7+ Nxh7 47. g3 Kg7 48. gxf4 exf4 49. Bc3+ Bf6 50. Bxf6+ Nxf6 51. Rxg6+ Kxg6 52. Qxf4 Kg7 53. Kg1 Qe7 54. Ng4 Nxe4 55. Qh6+ Kf7 56. Qh7+ Ke8 57. Qxe4 Qxe4 58. Nf6+ 1-0

[Event "Gorodets-ch"]
[Site "Gorodets"]
[Date "2014.12.13"]
[Round "1"]
[White "Khomutov, Valeriy"]
[Black "Kalugin, Alexander"]
[Result "0-1"]
[WhiteElo "1830"]
[BlackElo "2104"]
[PlyCount "66"]
[EventDate "2014.12.13"]
[EventType "swiss"]
[EventRounds "9"]
[EventCountry "RUS"]
[SourceTitle "CBM 164 Extra"]
[Source "ChessBase"]
[SourceDate "2015.03.02"]
[SourceVersion "1"]
[SourceVersionDate "2015.03.02"]
[SourceQuality "1"]

1. Nf3 Nf6 2. d4 g6 3. Bg5 Bg7 4. Bxf6 Bxf6 5. e4 0-0 6. Bc4 a6 7. c3 b5 8. Bb3 d6 9. Nbd2 Bb7 10. Qe2 c5 11. d5 b4 12. Qe3 a5 13. Rb1 Nd7 14. 0-0 a4 15. Bc4 Qa5 16. Rfc1 bxc3 17. bxc3 Ba6 18. Qe2 Bxc4 19. Qxc4 Qa6 20. Kf1 Qxc4+ 21. Nxc4 Rfb8 22. Rxb8+ Rxb8 23. Nfd2 Bg5 24. Ke1 Bxd2+ 25. Kxd2 Ne5 26. Nxe5 Rb2+ 27. Rc2 Rxc2+ 28. Kxc2 dxe5 29. Kb2 f5 30. exf5 gxf5 31. Ka3 e4 32. Kxa4 f4 33. Kb5 e3 0-1

[Event "Gorodets op"]
[Site "Gorodets"]
[Date "2012.05.04"]
[Round "6"]
[White "Khomutov, Valeriy"]
[Black "Dmitrievsky, Alexander"]
[Result "0-1"]
[WhiteElo "1842"]
[BlackElo "1901"]
[PlyCount "64"]
[EventDate "2012.04.29"]
[EventType "swiss"]
[EventRounds "9"]
[EventCountry "RUS"]
[SourceTitle "CBM 148 Extra"]
[Source "ChessBase"]
[SourceDate "2012.06.22"]
[SourceVersion "1"]
[SourceVersionDate "2012.06.22"]
[SourceQuality "1"]

1. Nf3 Nf6 2. b3 d6 3. Bb2 e5 4. e3 e4 5. Nd4 Be7 6. c4 c5 7. Nc2 Bg4 8. Be2 h5 9. h3 Bf5 10. d4 Nc6 11. a3 Rh6 12. Nd2 Qc7 13. d5 Ne5 14. Bxe5 dxe5 15. a4 Qa5 16. Na3 0-0-0 17. Qc2 Rg6 18. g3 Rh6 19. 0-0-0 Kb8 20. Nb5 a6 21. Nc3 b5 22. axb5 Qa1+ 23. Ndb1 Ne8 24. g4 Bd7 25. Nxe4 axb5 26. cxb5 c4 27. d6 Nxd6 28. Nc5 cxb3 29. Qxb3 Rc8 30. Qb4 Nb7 31. Rxd7 Bxc5 32. Qe4 Bxe3+ 0-1

[Event "Gorodets-ch"]
[Site "Gorodets"]
[Date "2011.12.13"]
[Round "8"]
[White "Konyaev, Anatoly"]
[Black "Khomutov, Valeriy"]
[Result "0-1"]
[WhiteElo "2021"]
[BlackElo "1779"]
[PlyCount "104"]
[EventDate "2011.12.06"]
[EventType "tourn"]
[EventRounds "13"]
[EventCountry "RUS"]
[SourceTitle "EXT 2023"]
[Source "ChessBase"]
[SourceDate "2022.10.05"]
[SourceVersion "1"]
[SourceVersionDate "2022.10.05"]
[SourceQuality "1"]

1. d4 b6 2. c4 Bb7 3. Nc3 e6 4. Nf3 Bb4 5. a3 Bxc3+ 6. bxc3 Ne7 7. Bf4 Ng6 8. Bg3 0-0 9. h4 d6 10. h5 Ne7 11. Bh4 f6 12. g4 Qe8 13. Rg1 Nd7 14. Bh3 Bxf3 15. exf3 e5 16. f4 exd4 17. Kf1 dxc3 18. g5 fxg5 19. Rxg5 Nc5 20. h6 g6 21. Rxc5 bxc5 22. Be6+ Rf7 23. Qf3 Rb8 24. Qxc3 Nf5 25. Re1 Qf8 26. Bg5 Re8 27. Bxf7+ Qxf7 28. Rxe8+ Qxe8 29. Qf6 c6 30. Qc3 Nd4 31. Qa5 Qd7 32. Qc3 Kf7 33. a4 Qg4 34. Qe3 Qe6 35. Qc3 Qe4 36. Qh3 Nf5 37. Qc3 Qh1+ 38. Ke2 Nd4+ 39. Kd2 Qf1 40. Qe3 Nf5 41. Qf3 Qxc4 42. Qxc6 Qb4+ 43. Kd1 Qb1+ 44. Kd2 Qc2+ 45. Kxc2 Nd4+ 46. Kc3 Nxc6 47. Bh4 a6 48. Bg5 Na5 49. Kd3 d5 50. Bd8 Nc6 51. Bb6 c4+ 52. Kc3 Ke6 0-1

[Event "Gorodets-ch"]
[Site "Gorodets"]
[Date "2011.04.15"]
[Round "7"]
[White "Konyaev, Anatoly"]
[Black "Khomutov, Valeriy"]
[Result "1-0"]
[WhiteElo "2019"]
[BlackElo "1776"]
[PlyCount "67"]
[EventDate "2011.04.09"]
[EventType "swiss"]
[EventRounds "9"]
[EventCountry "RUS"]
[SourceTitle "CBM 142 Extra"]
[Source "ChessBase"]
[SourceDate "2011.06.27"]
[SourceVersion "1"]
[SourceVersionDate "2011.06.27"]
[SourceQuality "1"]

1. d4 Nf6 2. c4 g6 3. Nc3 Bg7 4. Nf3 d6 5. h3 0-0 6. e4 Nc6 7. Be3 e5 8. d5 Ne7 9. Qd2 b6 10. Be2 Nd7 11. g4 a5 12. h4 Nc5 13. g5 f5 14. Bxc5 fxe4 15. Nxe4 bxc5 16. Nf6+ Bxf6 17. gxf6 Nf5 18. h5 Qxf6 19. hxg6 hxg6 20. 0-0-0 Bd7 21. Rdg1 Kg7 22. Rh2 a4 23. Rhg2 Be8 24. Ng5 Nd4 25. Bh5 a3 26. Ne4 axb2+ 27. Kb1 Qf5 28. Bxg6 Bxg6 29. Rxg6+ Kf7 30. Rf6+ Qxf6 31. Nxf6 Kxf6 32. Qh6+ Ke7 33. Rg7+ Kd8 34. Qg5+ 1-0

[Event "Gorodets-ch"]
[Site "Gorodets"]
[Date "2010.12.01"]
[Round "2"]
[White "Ulankov, Andrey"]
[Black "Khomutov, Valeriy"]
[Result "1-0"]
[WhiteElo "2033"]
[BlackElo "1733"]
[PlyCount "61"]
[EventDate "2010.11.30"]
[EventType "tourn"]
[EventRounds "12"]
[EventCountry "RUS"]
[SourceTitle "EXT 2022"]
[Source "ChessBase"]
[SourceDate "2021.10.06"]
[SourceVersion "1"]
[SourceVersionDate "2021.10.06"]
[SourceQuality "1"]

1. c4 g6 2. Nc3 Bg7 3. d4 d6 4. e4 Nc6 5. Nge2 e5 6. Be3 Bg4 7. f3 Bd7 8. Qd2 a6 9. h4 h5 10. 0-0-0 Bh6 11. Bxh6 Nxh6 12. dxe5 Nxe5 13. Ng3 b6 14. Nd5 Be6 15. Kb1 Bxd5 16. cxd5 f6 17. Rc1 Nhf7 18. Ne2 Qe7 19. Nf4 Nd8 20. g4 Nxf3 21. Qc3 Ne5 22. gxh5 g5 23. hxg5 fxg5 24. Nd3 Rh7 25. Bh3 g4 26. Nxe5 gxh3 27. Nc6 Qxe4+ 28. Ka1 Qxd5 29. Rhe1+ Kf8 30. Nxd8 Rxd8 31. Qf6+ 1-0